Urządzenie, które po włączeniu robi w domu najwięcej hałasu. - Statystyki

Ogólne statystyki
  • Ten quiz został rozwiązany 12 razy
  • Średni wynik to 4 z 8
Statystyki odpowiedzi
Hint Odpowiedź % Poprawnych
3. Odkurzacz
100%
2. Pralka
91%
4. Mikser
73%
1. Telewizor
73%
5. Blender
55%
6. Wiertarka
9%
8. Kino Domowe
0%
7. Wieża
0%
Nie znaleziono quizów pasujących do podanych kryteriów
Rozkład punktacji
Procent ludzi z każdym wynikiem
Percentyl według liczby udzielonych odpowiedzi
Twoja historia wyników
Nie rozwiązałeś tego quizu